000 01033aam a22003011i 4500
001 24294
003 HDC
005 20240715123601.0
008 230410s2023 my a e a001 0 may
020 _a9789674882457
_qpaperback
040 _aBNM
_beng
_cHDC
_erda
_dHDC
050 _aBP184.9.D5
_b.M64 2023
100 0 _aMohd Amri Abdullah,
_eauthor.
245 1 0 _aPENSIJILAN HALAL MALAYSIA :
_bPemantauan dan Penguatkuasaan /
_cMohd Amri Abdullah, Zalina Zakaria
264 1 _aKuala Lumpur :
_bPenerbit Universiti Malaya,
_c2023
264 4 _c©2023
300 _axvi, 174 pages :
_billustrations ;
_c23 cm
336 _atext
_2rdacontent
337 _aunmediated
_2rdamedia
338 _avolume
_2rdacarrier
500 _aIncludes index
504 _aBibliography: pages [159]-172
650 1 0 _aHalal food industry
_xCertification
_zMalaysia
650 2 0 _aProduct safety (Islamic law)
_zMalaysia
650 2 0 _aGovernment publications
_zMalaysia
700 0 _aZalina Zakaria,
_eauthor.
942 _2lcc
_cBK
_kBP184.9.D5
_m.M64 2023
_n0
999 _c24294
_d24294